00932nam a2200253 i 4500003000900000005001700009008004100026040004300067082002500110100005800135245009000193250002100283264003700304300004000341336002400381337002800405338004300433504005300476546002000529650003200549651000600581700003400587856005700621EG-GICUC20260307132742.0260307s1914 uk ||||fr|||| 001 0 eng d aEG-GiCUCbengcEG-GiCUCdEG-GiCUCeRda04221a341.6043bBE . G1 aBernhardi, John, RobertGeneral Friedrich VoneAuthor.10aGermany and the Next War / n cGeneral Friedrich Von Bernhardi ; Allen H. Powles.b  aSixth Impression 1aLondon : bEdward Arnold,c1914. a288page : billustration ;c 24 cm. 2rda contenua texte 2rda mediasaOrdinateur 2 transporteur rdaa Ressource en ligne aIncludes bibliographical references and index.  aText in English14aPublic international law2 1 2 1 a Powles, Allen HeTranslator.40uhttps://fll.law.cu.edu.eg/fulltext/bks/B11-08617.pdf